Czy rozpoznasz piłkarza Manchesteru United po jego transferze? 2022/23 - Statystyki

Ogólne statystyki
  • Ten quiz został rozwiązany 215 razy
  • Średni wynik to 14 z 32
Statystyki odpowiedzi
Transfer lub Wypożyczenie Zawodnik % Poprawnych
Juventus Turyn ---> Manchester UnitedTransfer: 31 sie 2021 Cristiano Ronaldo
80%
Sporting CP ---> Manchester UnitedTransfer: 29 sty 2020 Bruno Fernandes
78%
Szachtar Donieck ---> Manchester UnitedTransfer: 1 lip 2018 Fred
78%
Leicester City ---> Manchester UnitedTransfer: 5 sie 2019 Harry Maguire
78%
Borussia Dortmund ---> Manchester UnitedTransfer: 23 lip 2021 Jadon Sancho
77%
Real Madryt ---> Manchester United Transfer: 14 sie 2021 Raphaël Varane
76%
Atlético de Madryt ---> Manchester United Transfer: 1 lip 2011 David de Gea
69%
Manchester United U18 ---> Manchester United Przeniesienie do drużyny seniorskiej: 1 sty 2016 Marcus Rashford
67%
Sevilla FC ---> Manchester UnitedKoniec wypożyczenia: 30 cze 2022 Anthony Martial
56%
Ajax Amsterdam ---> Manchester United Transfer: 27 lip 2022 Lisandro Martínez
54%
FC Southampton ---> Manchester United Transfer: 1 lip 2014 Luke Shaw
51%
Manchester United U21 ---> Manchester UnitedPrzeniesienie do drużyny seniorskiej: 1 lip 2021 Anthony Elanga
49%
Feyenoord ---> Manchester United Transfer: 5 lip 2022 Tyrell Malacia
49%
Manchester United ---> Sevilla FC Wypożyczenie: 4 sie 2022 Alex Telles
47%
Crystal Palace ---> Manchester United Transfer: 1 lip 2019 Aaron Wan-Bissaka
45%
Everton ---> Manchester UnitedKoniec wypożyczenia: 31 maj 2022 Donny van de Beek
44%
Brentford ---> Manchester United Transfer: 15 lip 2022 Christian Eriksen
43%
Manchester United ---> Nottingham Forest Wypożyczenie: 2 lip 2022 Dean Henderson
39%
AC Milan ---> Manchester United Transfer: 30 cze 2021 Diogo Dalot
39%
Aston Villa ---> Manchester United Transfer: 2 lip 2021 Tom Heaton
37%
Benfika Lizbona ---> Manchester United Transfer: 1 lip 2017 Victor Lindelöf
33%
Villarreal CF ---> Manchester United Transfer: 1 lip 2016 Eric Bailly
29%
Manchester United U21 ---> Manchester UnitedPrzeniesienie do drużyny seniorskiej: 1 lip 2017 Scott McTominay
27%
SSC Napoli ---> Manchester United Koniec wypożyczenia: 30 cze 2022 Axel Tuanzebe
23%
Norwich City ---> Manchester UnitedKoniec wypożyczenia: 31 maj 2022 Brandon Williams
21%
Glasgow Rangers ---> Manchester United Transfer: ---> Manchester United Amad Diallo
20%
Blackburn Rovers ---> Manchester United Transfer: 1 lip 2011 Phil Jones
19%
Deportivo Alavés ---> Manchester United Koniec wypożyczenia: 30 cze 2022 Facundo Pellistri
18%
Nottingham Forest ---> Manchester United Koniec wypożyczenia: 31 maj 2022 James Garner
17%
Birmingham ---> Manchester United Transfer: 31 maj 2022 Tahith Chong
14%
Birmingham ---> Manchester UnitedTransfer: 31 maj 2022 Teden Mengi
5%
Manchester United U21 ---> Manchester UnitedPrzeniesienie do drużyny seniorskiej: 1 lip 2021 Shola Shoretire
3%
Nie znaleziono quizów pasujących do podanych kryteriów
Rozkład punktacji
Procent ludzi z każdym wynikiem
Percentyl według liczby udzielonych odpowiedzi
Twoja historia wyników
Nie rozwiązałeś tego quizu